| 000 | 00487nam a22002057a 4500 | ||
|---|---|---|---|
| 003 | UA-OsUOA | ||
| 001 | 31124 | ||
| 007 | ta | ||
| 008 | 20041203b un ||||| |||| 00| 0 ukr d | ||
| 100 | _aОснович -Мельник В. К. | ||
| 942 | _cBK | ||
| 040 |
_aUA-OsUOA _brus _cUA-OsUOA _dUA-OsUOA |
||
| 245 | _aМій шлях до світла | ||
| 955 | _a0 | ||
| 041 | _arus | ||
| 020 | _a966-7206-25-4 | ||
| 260 |
_aРівне _bЛіста _c2001 |
||
| 044 | _aRU | ||
| 650 | 7 | _2UDC | |
| 999 |
_c317545 _d317545 |
||